| 000 | 00457nam a22001697a 4500 | ||
|---|---|---|---|
| 003 | 0 | ||
| 005 | 20240920135150.0 | ||
| 008 | 240920b xxu||||| |||| 00| 0 eng d | ||
| 020 | _a978-621-04-0431-9 | ||
| 050 |
_aJZ 1318 _b.C68 2023 |
||
| 245 | _aCourse module for the contemporary world | ||
| 260 |
_aQuezon City _bRexbookstore _cC2023 |
||
| 300 |
_av, 305p. _bill. : _c26xcm. |
||
| 500 | _aGlobalization. | ||
| 500 | _aWorld economics. | ||
| 942 |
_2lcc _cBK |
||
| 999 |
_c366287 _d366287 |
||